Grammar Food - Statistics

General Stats
  • This quiz has been taken 45 times
  • The average score is 5 of 21
Answer Stats
Definition Food % Correct
Crazy Bananas / Nuts
65%
To smile or grin Cheese
60%
Raising a glass and drinking in honor of someone Toast
60%
Coward Chicken
55%
A social or romantic appointment Date
55%
A castaway on Gilligan's Island Ginger
35%
Breasts Melons / Cantaloupes
28%
To charm with lavish flattery or praise Butter
25%
To insert something tightly between two other things Sandwich
25%
Agitate vigorously Shake
25%
To crush Squash
18%
A small person Shrimp
13%
To vacillate Waffle
13%
A crack or flaw caused by the removal of a small piece Chip
8%
To subtly or deviously get a response or information from someone Fish
8%
Virginal Cherry
5%
To try to win or gain favour by flattering Curry
5%
Brain Noodle
5%
To quickly move, so as to escape being seen Duck
3%
A show off Hotdog
3%
An activity that is illicit or ridiculous Caper
0%
No matching quizzes found
Score Distribution
Percent of People with Each Score
Percentile by Number Answered
Your Score History
You have not taken this quiz